| Registos Bibliográficos associados ao registo de autoridade |
|
Etiqueta de registo: 00230nam 2200025 450 001 1854359 003 http://id.bnportugal.gov.pt/bib/catbnp/1854359 100 ## $a20131029d2012 k y0pory0103 ba 101 0# $aeng$dpor 102 ## $aPT 105 ## $aa m 000yy 106 ## $ar 200 1# $aConnectivity among estuarine and coastal fish populations using otolith geochemistry$fSusanne Eva Tanner$gorient. Henrique Nogueira Cabral, Simon R. Thorrold 210 #9 $aLisboa$c[s.n.],$d2012 215 ## $a179 p.$cil.$d26 cm$ecurriculum vitae (14 p.) 215 ## $a1 disco óptico (CD-ROM) em bolsa$cil.$d13 x 13 cm 305 ## $aEd. impressa e em CD-ROM 320 ## $aContém bibliografia 328 #1 $aTese dout. Biologia (Biologia Marinha e Aquacultura), Fac. de Ciências, Univ. de Lisboa,
2012 675 ## $a574.5(043)$vBN$zpor$31232627 675 ## $a551.465(043)$vBN$zpor$31245686 700 #1 $aTanner,$bSusanne Eva,$f1978-$31374812 702 #1 $aCabral,$bHenrique Nogueira$4727$31048163 702 #1 $aThorrold,$bSimon R.$4727$31550724 801 #0 $aPT$bBN$gRPC 966 ## $lBN$mDEM$sS.A. 55243 P. 966 ## $lBN$mFGMON$sS.A. 151682 V.
Etiqueta de registo: 00230nam 2200025 450 001 1710915 003 http://id.bnportugal.gov.pt/bib/catbnp/1710915 100 ## $a20090504d2007 k y0pory0103 ba 101 0# $aeng$dpor 102 ## $aPT 105 ## $aa m 000yy 106 ## $ar 200 1# $aComparative analysis of the contribution of diferent nursery areas to the adult stock
of pouting, Trisopterus Luscus$bTexto policopiado]$equalitative and quantitative perspectives$fSusanne Eva Tanner$gorient. Henrique N. Cabral 210 #9 $aLisboa$c[s.n.],$d2007 215 ## $aVII, 56 f.$cil.$d30 cm$ecurriculum vitae (4 f.) 215 ## $a1disco óptico (CD-ROM) em caixa$cil.$d13 x 14 x 1cm 305 ## $aEdição impressa e em CD-ROM 320 ## $aContém bibliografia 328 #0 $bTese mestr.$cEcologia Marinha$eDep. de Biologia Animal, Fac. de Ciências, Univ. de Lisboa$d2007 675 ## $a597.55(043)$vBN$zpor$31256580 675 ## $a591.52(043)$vBN$zpor$31252827 675 ## $a574.5(043)$vBN$zpor$31232627 700 #1 $aTanner,$bSusanne Eva,$f1978-$31374812 702 #1 $aCabral,$bHenrique Nogueira$4727$31048163 712 02 $aUniversidade de Lisboa.$bFaculdade de Ciências.$bDepartamento de Biologia Animal$4295$31227083 801 #0 $aPT$bBN$gRPC 966 ## $lBN$mDEM$sS.A. 43490 P.$x1 966 ## $lBN$mFGMON$sS.A. 125936 V.$x1
Etiqueta de registo: 00000nam 2200025 450 001 2286349 003 http://id.bnportugal.gov.pt/bib/catbnp/2286349 100 ## $a20260514d2025 k y0pory01030103ba 101 0# $aeng$dpor 102 ## $aPT 105 ## $aa m 000yy 106 ## $ar 200 1# $aAssessing habitat suitability of marine fishin the face of climate change$eimplications for conservation and management$fFriederike Peiffer$gorient. Susanne E. Tanner, Emanuel J. Gonçalves, Gonçalo J. F. Silva 210 #9 $aLisboa$c[s.n.],$d2025 215 ## $aXVIII, 220 p.$cil.$d30 cm$ecurriculum vitae ([4]p.) 328 #1 $aTese dout. Biologia e Ecologia das Alterações Globais (Biologia e Ecologia Marinha),
Faculdade de Ciências, Universidade de Lisboa, Universidade de Aveiro, 2025 675 ## $a574.5(26)(46)(043)$vBN$zpor$32000439 675 ## $a597.2/.5(26)(46)(043)$vBN$zpor$32000440 675 ## $a551.583(26)(46)(043)$vBN$zpor$32000441 700 #1 $aPeiffer,$bFriederike$31998460 702 #1 $aGonçalves,$bEmanuel,$f1965-$4727$3272124 702 #1 $aSilva,$bGonçalo Jorge Franco$4727$31615588 702 #1 $aTanner,$bSusanne Eva,$f1978-$4727$31374812 801 #0 $aPT$bBN$gRPC 966 ## $lBN$mFGMON$sS.A. 194028 V.$x1 971 ## $corlando$d20260514 972 ## $e0$z0$d20260617$vlrevez 973 ## $cmlsousa$d20260612
|
|
|